LEADER 01395nam0 2200337 450 001 000034948 005 20130806091905.0 100 $a20130614d1920----km-y0itaa50------ba 101 0 $aita 102 $aIT 200 1 $a<> lavorazione dei campi$emanuale pratico del contadino$fCamillo Goltara 210 $aMilano$c<> Hoelpi$d1920 215 $aXI, 197 p., [36] carte di tav.$cill.$d16 cm 225 2 $aManuali Hoelpi 300 $aSul frontespizio: con 53 tavole di macchine e attrezzi e 45 figure intercalate nel testo 316 $aSu una pagina precedente il frontespizio: Gioacchino Viggiani 6 ottobre 1929 410 0$12001$aManuali Hoelpi 606 1 $aAgricoltura$xManuali 606 2 $aTerreno agrario$xLavorazione 606 2 $aColtivazione 676 $a630$v(22. ed.)$9Agricoltura e tecnologie connesse 676 $a631.5$v(22. ed.)$9Agricoltura. Coltivazione e raccolto 700 1$aGoltara,$bCamillo$0446502 801 0$aIT$bUniversità della Basilicata - B.I.A.$gREICAT$2unimarc 912 $a000034948 996 $aLavorazione dei campi$997312 997 $aUNIBAS CAT $aSTD090$b01$c20130614$lBAS01$h0841 CAT $aTTM$b30$c20130806$lBAS01$h0919 FMT Z30 -1$lBAS01$LBAS01$mBOOK$1BASA2$APolo Tecnico-Scientifico$2FVIG$BFondo Viggiani$3FVig/40533$640533$5T40533$7Collocato presso la Scuola di Agraria$820130614$f35$FStanza riservata LEADER 01705nam 2200493 a 450 001 9910702043403321 005 20150408085303.0 035 $a(CKB)5470000002423695 035 $a(OCoLC)809193201 035 $a(EXLCZ)995470000002423695 100 $a20120905d2012 ua 0 101 0 $aeng 135 $aurmn||||||||| 181 $ctxt$2rdacontent 182 $cc$2rdamedia 183 $acr$2rdacarrier 200 00$aComposite structures damage tolerance analysis methodologies$b[electronic resource] /$fJames B. Chang ... [and others] 210 1$aHampton, Va. :$cNational Aeronautics and Space Administration, Langley Research Center,$d[2012] 215 $a1 online resource (viii, 94 pages) $cillustrations (some color) 225 1 $aNASA/CR ;$v2012-217347 300 $aTitle from title screen (viewed on Sept. 5, 2012). 300 $a"March 2012." 300 $aSpelling of second author corrected to: Vinay K. Goyal. 320 $aIncludes bibliographical references (pages 93-94). 606 $aFracture mechanics$2nasat 606 $aStress analysis$2nasat 606 $aDamage$2nasat 606 $aFracturing$2nasat 606 $aTolerances (mechanics)$2nasat 606 $aComposite structures$2nasat 615 7$aFracture mechanics. 615 7$aStress analysis. 615 7$aDamage. 615 7$aFracturing. 615 7$aTolerances (mechanics) 615 7$aComposite structures. 701 $aChang$b J. B$0881240 712 02$aLangley Research Center. 801 0$bGPO 801 1$bGPO 906 $aBOOK 912 $a9910702043403321 996 $aComposite structures damage tolerance analysis methodologies$93519648 997 $aUNINA